Hỏi-đáp về thâm canh hoa màu: Ngô, khoai, sắn

Đã lưu trong:
书目详细资料
主要作者: Đinh Văn Lữ
格式: 图书
语言:Undetermined
出版: Hà Nội Khoa Học 1969
主题:
标签: 添加标签
没有标签, 成为第一个标记此记录!
Thư viện lưu trữ: Trung tâm Học liệu Trường Đại học Cần Thơ
LEADER 00548nam a2200181Ia 4500
001 CTU_13334
008 210402s9999 xx 000 0 und d
082 |a 635 
082 |b L550 
100 |a Đinh Văn Lữ 
245 0 |a Hỏi-đáp về thâm canh hoa màu: Ngô, khoai, sắn 
245 0 |c Đinh Văn Lữ 
260 |a Hà Nội 
260 |b Khoa Học 
260 |c 1969 
650 |a cassava,corn,sweet potatoes 
904 |i Nguyễn Quang Điền, 960601 
980 |a Trung tâm Học liệu Trường Đại học Cần Thơ